Mezcla de palabras - Estadísticas

Estadísticas generales
  • Esta prueba ha sido intentada 94 veces
  • La puntuación promedio es 6 de 12
Estadísticas de respuestas
Revoltijo Respuestas % Correcto
llpoo pollo
81%
tonca canto
78%
adlos lados
64%
ranjaan naranja
63%
abiemhrnto hambriento
58%
sicaagr gracias
55%
airanfc Francia
54%
zrnai nariz
45%
dramid Madrid
36%
uríuatq turquía
36%
evllr llevar
27%
dadainu navidad
0%
No se encontraron pruebas coincidentes
Distribución de puntuación
Porcentaje de gente con cada puntuación
Porcentaje por número respondido
Historial de tus puntuaciones
No has intentado esta prueba.